Miasta kończące się na E według podpowiedzi - Statystyki

Ogólne statystyki
  • Ten quiz został rozwiązany 97 razy
  • Średni wynik to 8 z 20
Statystyki odpowiedzi
Wskazówka Miasto % Poprawnych
Stolica najmniejszego województwa w Polsce Opole
100%
Największe miasto położone w konurbacji górnośląskiej Katowice
80%
Miasto z 14-krotnym mistrzem Polski w piłce nożnej Zabrze
74%
Drugie co do wielkości miasto Słowacji Koszyce
73%
Miasto które pełni funkcję konstytucyjnej stolicy Boliwii Sucre
66%
Gospodarz jednego z czterech turniejów Wielkiego Szlema w tenisie Melbourne
58%
Położone po drugiej stronie rzeki Kongo, naprzeciwko Kinszasy Brazzaville
50%
Stolica azjatyckiego państwa, niegdyś znana pod nazwą Stalinabad Duszanbe
49%
Znajduje się tam najwyższa drewniana radiostacja na świecie Gliwice
41%
Najbardziej zaludnione miasto w stanie Alaska Anchorage
40%
Tworzy obszar metropolitalny z Osaką i Kioto Kobe
35%
Stolica muzyki country w Stanach Zjednoczonych Nashville
28%
Najbardziej wysunięte na wschód duże miasto w Brazylii Recife
27%
Z tego miasta pochodzi Starbucks Seattle
27%
Letnie Igrzyska Olimpijskie 2032 odbędą się w tym mieście Brisbane
23%
Miasto w północno-zachodniej części Kazachstanu. W tym sezonie grała tam mecz Legia Warszawa Aktobe
19%
Z tym białoruskim miastem była związana polska działaczka Elżbieta Dołęga-Wrzosek Baranowicze
15%
Stolica najmniejszego państwa położonego w Ameryce Północnej Basseterre
15%
W 2010 roku trzęsienie ziemi zniszczyło pałac prezydencki w tym mieście. Nie został on odbudowany. Port-au-Prince
15%
Wśród znanych osób mieszkających w tym mieście byli Isaac Newton i Stephen Hawking Cambridge
10%
Nie znaleziono quizów pasujących do podanych kryteriów
Rozkład punktacji
Procent ludzi z każdym wynikiem
Percentyl według liczby udzielonych odpowiedzi
Twoja historia wyników
Nie rozwiązałeś tego quizu